LDR 00920naa#a2200169#i#450# 001 RU\\bibl\116873 005 20260429130352.3 011 ## _a1994-4683 100 ## _a20260429b2026####ek#y0rusy0150####ca 102 ## _aRU 200 1# _aСпецифика пищевого поведения и факторы внешнего давления у студентов, занимающихся гимнастическими видами спорта _eЖурнальная статья 210 1# _aМосква _cНациональный государственный Университет физической культуры, спорта и здоровья им. П.Ф. Лесгафта _d2026 215 ## _a7 с. 608 ## _aЖурнальная статья _2local 675 ## _aПедагогическая психология. 37.015.3 _z 700 #1 _aДимура _gИрина Николаевна 856 4# _auchzapiski.lesgaft.spb.ru _u